[Event "Dubai op-B 23rd"]
[Site "Dubai"]
[Date "2023.06.03"]
[Round "8"]
[White "Abu Azizah, Raji"]
[Black "Ashrapov, Daler"]
[Result "1-0"]
[WhiteElo "2015"]
[BlackElo "1834"]
[PlyCount "97"]
[EventDate "2023.05.27"]
[EventType "swiss"]
[EventRounds "9"]
[EventCountry "UAE"]
[SourceTitle "CBM 214 Extra"]
[Source "ChessBase"]
[SourceDate "2023.07.31"]
[SourceVersion "1"]
[SourceVersionDate "2023.07.31"]
[SourceQuality "1"]

1. e4 e5 2. Nf3 Nc6 3. d4 exd4 4. Bc4 Be7 5. c3 Na5 6. Be2 dxc3 7. Nxc3 d6 8. 0-0 Nf6 9. Qc2 Nc6 10. Rd1 0-0 11. a3 Nd7 12. Nd5 Bf6 13. Nxf6+ Qxf6 14. Bb5 Ndb8 15. b4 Bg4 16. Bb2 Qe7 17. Be2 a6 18. Rd5 Be6 19. Rh5 g6 20. Rh6 f6 21. Qc3 Nd7 22. Ng5 Rf7 23. Nxe6 Qxe6 24. Bc4 Qe7 25. Qh3 Nf8 26. Bxf7+ Qxf7 27. Qc3 Kg7 28. Rh3 Ne5 29. Rc1 Ne6 30. Re3 b5 31. Qb3 c5 32. Bxe5 fxe5 33. Qd5 Rf8 34. Rf3 Qe7 35. Rxf8 Kxf8 36. bxc5 Nxc5 37. Rd1 a5 38. f3 b4 39. axb4 axb4 40. Qxd6 Qxd6 41. Rxd6 b3 42. Rb6 Ke7 43. Kf1 Kd7 44. Ke2 Kc7 45. Rb4 Ne6 46. Kd2 Nd4 47. Kc3 Kd6 48. Rxd4+ exd4+ 49. Kxb3 1-0